000 00713cam a2200241 4500500
005 20260405001924.0
041 _afre
042 _adc
100 1 0 _aLacroix, Alexandre
_eauthor
245 0 0 _aPhilosophes, encore un effort pour démythifier la solitude !
260 _c2015.
500 _a76
690 _aAltérité
690 _aAutre
690 _aAutrui
690 _aGilles Deleuze
690 _aHistoire
690 _aPhilon d’Alexandrie
690 _aSolitude
690 _aThérapeutes
786 0 _nPhilosophie magazine | 86 | 2 | 2015-02-01 | p. 24-24 | 1951-1787
856 4 1 _uhttps://shs.cairn.info/magazine-philosophie-magazine-2015-2-page-24?lang=fr&redirect-ssocas=7080
999 _c2052376
_d2052376